Hamburg Trivia - Statistics

General Stats
  • This quiz has been taken 97 times
  • The average score is 11 of 16
Answer Stats
Hint Answer % Correct
Major river flowing through Hamburg Elbe
100%
Hamburg's second most important river; forms two lakes in the city center Alster
86%
Entertainment centre of St Pauli; some young Germans might say it is also home to Germany's most legendary super market Reeperbahn
85%
Concert Hall that resembles waves; got opened in 2017 Elbphilharmonie
84%
Largest warehouse district standig on timber-pile foundations in the world; UNESCO world heritage site Speicherstadt
80%
Nickname for one of Hamburg's main churches; it has the biggest clock in Germany Hamburger Michel
79%
This German chancellor used to be the senator of the interior in Hamburg; he was practically never seen without a cigarette Helmut Schmidt
75%
Modern quarter this concert hall is located in HafenCity
74%
This famous musical has already been around for 20 years in Hamburg; it has not exceeded its "Circle of Life" yet The Lion King
74%
typical Hamburg pastry, similar to a cinnamon roll Franzbrötchen
64%
Term for a city neighbourhood; also used in Berlin Kiez
60%
Hamburg's foremost Boulevard, directly on the banks of the above Jungfernstieg
58%
Hamburg-born componist; grouped with Bach and Beethoven as one of the Great B's Johannes Brahms
56%
most important landing place in the above Landungsbrücken
48%
Commercial confederation of cities in Northwestern Europe, lasting until the 17th century Hanseatic League
41%
also referred to as Germany's Gate to the world Port of Hamburg
10%
No matching quizzes found
Score Distribution
Percent of People with Each Score
Percentile by Number Answered
Your Score History
You have not taken this quiz